000 00492nam a2200181Ia 4500
005 20250326125209.0
008 250326s9999 xx 000 0 und d
037 _aTextbook
040 _aFMSL
_beng
_cFMSL
041 _aeng
_2eng
084 _aX5:5.1 L44
_qFMSL
100 _aSethi S P
245 0 _aManagement of the multinationals
_cSethi S P; Holton R H
260 _aNY
_bNY, Macmillan
_c1974
300 _a431p
942 _cTB
_hX5:5.1 L44
999 _c1276961
_d1276961